000 00607nam a2200193 i 4500
001 40808
003 ES-MaACL
005 20230906160319.0
007 t|
008 030307s1958 it ||||1| ita d
100 1 _aCariddi, Walter.
_935244
245 1 3 _aIl problema dell'esistenza umana nel pensiero di Plotino /
_cWalter Cariddi.
260 _aBari :
_bPolemica,
_c[1958]
300 _a53 p. ;
_c22 cm.
490 1 _aCollana Le Pietre. Sezione Saggistica ;
_v5
830 0 _aCollana Le Pietre. Sezione Saggistica ;
_v5
_9229763
852 _aES-MaACL
_j2134-F-20
_bR.108037
999 _c40808
_d40808